00721nam a2200193Ia 4500003000900000008004100009020002200050040001600072080001700088100002700105245012500132260004200257300001500299650002700314650002900341942000700370999001700377952013300394IN-BaIIA211028s9999 xx 000 0 eng d a978-0-19-968676-6 cIIA Library a524.882bJOS aJoshi, Pankaj S931558 4aThe story of collapsing starsbblack holes, naked singularities and the cosmic play of quantum gravitycPankaj S. Joshi  aOxfordbOxford University Pressc2015 axii, 225p. aQuantum gravity910418 aStars - evolution910853 cBK c19053d19053 00104070aBANbBANcGENd2015-05-22eBBI g3052.00l0o524.882/ JOSp19975r2021-11-05v3052.00w2015-05-22yBKGRs. 3052.00